000 00552nam a2200205Ia 4500
005 20250923144629.0
008 008 250917s9999 xx 000 0 eng d
037 _aTextual
040 _aDSWL
_beng
_cDSWL
041 _aeng
_2eng
084 _qDSWL
100 _aMajumdar, D.N.
_9826814
245 0 _aCate and communication in an Indian Village
_cby D.N. Majumdar
260 _aNew Delhi
_b Asia Publihing House
_c1958
300 _a358p.
365 _aINR
_b20
925 _g20
942 _cTEXL
999 _c1441390
_d1441390